000 01425nam a22003497a 4500
003 CHAP
005 20220817043927.0
008 040216d2003 mx a r 00110 spa d
010 _a88052
011 _a89024
035 _a99573
040 _cCHAP
090 _aFolleto 16720
100 0 0 _aCamacho Morfín, Francisco.
245 1 0 _aArbustos para la reforestación del Distrito Federal
_c/por Francisco Camacho Morfin
260 _aMéxico, D.F. :
_bINIFAP. Centro Nacional de Investigación Disciplinaria en Conservación y Mejoramiento de Ecosistemas Forestales,
_c2003.
300 _a32 p. :
_bilus.
410 2 1 _aINIFAP.
_bCentro Nacional de Investigación Disciplinaria en Conservación y Mejoramiento de Ecosistemas Forestales
490 0 _aFolleto para productores
_v; 8
590 _aBATCH-UPD
_b10
_c20130110
_lUCH01
_h0828
590 _aBATCH-UPD
_b10
_c20130410
_lUCH01
_h0506
590 _aBATCH-UPD
_b10
_c20130914
_lUCH01
_h1424
590 _aCONVERSION
_b10
_c20130109
_lUCH01
_h1349
650 1 4 _aArbustos
_zMexico (D.F.).
_96752
650 1 4 _aReforestación
_xMéxico (D.F.)
_995499
810 2 1 _aINIFAP.
_bCentro Nacional de Investigación Disciplinaria en Conservación y Mejoramiento de Ecosistemas Forestales
_958635
830 0 _aFolleto para productores
_v; 8
901 _aBK
905 _aAlejandra Carrasco M.
942 _cFOLL
949 _aFolleto 16720
_bBC
_cFOLL
_d33724002003090
_eTS1
_i99573
_sb
999 _c88052
_d88052